[Event "Braunschweig"]
[Site "Braunschweig"]
[Date "2025.07.11"]
[Round "6"]
[White "Bargsten, Justus"]
[Black "Petrovskiy, Vadim"]
[Result "1-0"]
[WhiteElo "2232"]
[BlackElo "2443"]
[PlyCount "81"]
[EventDate "2025.07.07"]
[EventType "tourn"]
[EventRounds "9"]
[EventCountry "GER"]
[EventCategory "3"]
[SourceTitle "CB29_2025"]
[SourceDate "2025.07.16"]
[SourceVersion "1"]
[SourceVersionDate "2025.07.16"]
[SourceQuality "1"]

1. d4 Nf6 2. c4 e6 3. Nf3 d5 4. Nc3 a6 5. cxd5 exd5 6. Bg5 Be6 7. e3 Nbd7 8. Bd3 Bd6 9. 0-0 c6 10. Bf4 Qc7 11. Bxd6 Qxd6 12. h3 h6 13. Nd2 0-0 14. Qc2 Rfe8 15. Rfc1 Nf8 16. Na4 Rad8 17. b4 N8h7 18. Nc5 Bc8 19. Nf3 Ng5 20. Nxg5 hxg5 21. Bf5 Qe7 22. Bxc8 Rxc8 23. Qf5 Nh7 24. a4 g6 25. Qd7 Nf6 26. Qxb7 Rc7 27. Qxa6 g4 28. Qe2 gxh3 29. gxh3 Kg7 30. Qf3 Rh8 31. b5 Nh7 32. Qg3 Ng5 33. b6 Rcc8 34. Qe5+ Qxe5 35. dxe5 Rxh3 36. b7 Rch8 37. Kf1 d4 38. Ke2 dxe3 39. Rab1 Rb8 40. a5 Rd8 41. Rd1 1-0

[Event "Braunschweig"]
[Site "Braunschweig"]
[Date "2025.07.11"]
[Round "7"]
[White "Giorgadze, Giorgi2"]
[Black "Bargsten, Justus"]
[Result "1/2-1/2"]
[WhiteElo "2168"]
[BlackElo "2232"]
[PlyCount "76"]
[EventDate "2025.07.07"]
[EventType "tourn"]
[EventRounds "9"]
[EventCountry "GER"]
[EventCategory "3"]
[SourceTitle "CB29_2025"]
[SourceDate "2025.07.16"]
[SourceVersion "1"]
[SourceVersionDate "2025.07.16"]
[SourceQuality "1"]

1. e4 c5 2. Nf3 Nc6 3. d4 cxd4 4. Nxd4 Nf6 5. Nc3 d6 6. Bc4 e6 7. Be3 a6 8. Bb3 Be7 9. Qe2 Nxd4 10. Bxd4 b5 11. 0-0-0 0-0 12. e5 dxe5 13. Bxe5 Qb6 14. Ne4 Nxe4 15. Qxe4 Bg5+ 16. Kb1 Bb7 17. Qg4 Bh6 18. f3 Rfd8 19. a4 bxa4 20. Qxa4 Bc6 21. Qg4 Bb5 22. Bd4 Qb7 23. Bc3 Qc7 24. Qb4 Rab8 25. Qa5 Qxa5 26. Bxa5 Rdc8 27. Rhe1 Bg5 28. Bd2 Bf6 29. Bf4 Ra8 30. Be5 Bd8 31. Re4 Bc6 32. Rg4 g6 33. Rc4 Be7 34. Ba4 Bd5 35. Rxc8+ Rxc8 36. b3 f6 37. Bb2 Kf7 38. c4 Bc6 1/2-1/2

[Event "Itzehoe op"]
[Site "Itzehoe"]
[Date "2025.05.31"]
[Round "5"]
[White "Bargsten, Justus"]
[Black "Pittelkow, Andreas"]
[Result "1-0"]
[WhiteElo "2201"]
[BlackElo "2016"]
[PlyCount "41"]
[EventDate "2025.05.29"]
[EventType "swiss"]
[EventRounds "7"]
[EventCountry "GER"]
[SourceTitle "CB23_2025"]
[SourceDate "2025.06.04"]
[SourceVersion "1"]
[SourceVersionDate "2025.06.04"]
[SourceQuality "1"]

1. d4 Nf6 2. c4 g6 3. Nc3 Bg7 4. e4 0-0 5. Be2 d6 6. Be3 e5 7. d5 Ne8 8. g4 f5 9. gxf5 gxf5 10. exf5 Bxf5 11. Nf3 c6 12. Rg1 Kh8 13. Qd2 Nd7 14. Ng5 Ndf6 15. Bd3 Bd7 16. 0-0-0 cxd5 17. cxd5 Qa5 18. Kb1 Nxd5 19. Nxd5 Qxd5 20. Qb4 Bf5 21. Bxf5 1-0

[Event "Itzehoe op"]
[Site "Itzehoe"]
[Date "2025.05.29"]
[Round "2"]
[White "Baechler, Andreas"]
[Black "Bargsten, Justus"]
[Result "0-1"]
[WhiteElo "1855"]
[BlackElo "2201"]
[PlyCount "74"]
[EventDate "2025.05.29"]
[EventType "swiss"]
[EventRounds "7"]
[EventCountry "GER"]
[SourceTitle "CB23_2025"]
[SourceDate "2025.06.04"]
[SourceVersion "1"]
[SourceVersionDate "2025.06.04"]
[SourceQuality "1"]

1. e4 c5 2. Nf3 Nc6 3. d4 cxd4 4. Nxd4 e5 5. Nb5 d6 6. c4 g6 7. Be2 Be6 8. 0-0 Rc8 9. N1a3 a6 10. Nc3 Nf6 11. Bg5 Bg7 12. Nc2 0-0 13. Ne3 h6 14. Bxf6 Bxf6 15. Bg4 Bg7 16. Bxe6 fxe6 17. Qg4 Qf6 18. Rad1 Nd4 19. h4 b5 20. cxb5 axb5 21. a3 h5 22. Qg5 Qf7 23. Rd2 Kh7 24. Ne2 Qb7 25. Nc3 Rc7 26. Qg3 Bh6 27. Re1 Rcf7 28. Rd3 Rf4 29. Ned1 Qe7 30. Rxd4 exd4 31. Nxb5 e5 32. a4 Rc8 33. Qa3 Rc1 34. Qxd6 Qxd6 35. Nxd6 Bf8 36. g3 Rf3 37. Nc4 Rxc4 0-1

[Event "Itzehoe op"]
[Site "Itzehoe"]
[Date "2025.05.29"]
[Round "1"]
[White "Bargsten, Justus"]
[Black "Rothe, Justin"]
[Result "1-0"]
[WhiteElo "2201"]
[BlackElo "1701"]
[PlyCount "69"]
[EventDate "2025.05.29"]
[EventType "swiss"]
[EventRounds "7"]
[EventCountry "GER"]
[SourceTitle "CB23_2025"]
[SourceDate "2025.06.04"]
[SourceVersion "1"]
[SourceVersionDate "2025.06.04"]
[SourceQuality "1"]

1. e4 c6 2. d4 d5 3. e5 Bf5 4. Nd2 e6 5. Nb3 c5 6. Nf3 Nc6 7. dxc5 Bxc5 8. Nxc5 Qa5+ 9. c3 Qxc5 10. Be3 Qe7 11. Bb5 Qc7 12. Nd4 Nge7 13. Nxf5 Nxf5 14. Bf4 0-0 15. Qe2 d4 16. 0-0 Rfd8 17. Bd3 Nfe7 18. c4 Ng6 19. Bxg6 hxg6 20. Rad1 Rd7 21. Rd3 f6 22. Qg4 fxe5 23. Bg3 Qd6 24. Qxg6 Rf8 25. Re1 Rdf7 26. Qe4 Qb4 27. b3 Rf4 28. Bxf4 Rxf4 29. Qe2 e4 30. Rdd1 Qc5 31. g3 Qg5 32. Kh1 Rg4 33. h3 d3 34. Qxg4 Qxg4 35. hxg4 1-0

[Event "Karlsruhe Grenke op"]
[Site "Karlsruhe"]
[Date "2025.04.18"]
[Round "3"]
[White "De Boer, Eelke"]
[Black "Bargsten, Justus"]
[Result "1-0"]
[WhiteElo "2412"]
[BlackElo "2214"]
[PlyCount "95"]
[EventDate "2025.04.17"]
[EventType "swiss"]
[EventRounds "9"]
[EventCountry "GER"]
[SourceTitle "CB17_2025"]
[SourceDate "2025.04.23"]
[SourceVersion "1"]
[SourceVersionDate "2025.04.23"]
[SourceQuality "1"]

1. e4 e5 2. Nf3 Nc6 3. Bb5 a6 4. Ba4 Nge7 5. 0-0 g6 6. c3 Bg7 7. d4 exd4 8. cxd4 b5 9. Bc2 d5 10. Nc3 0-0 11. h3 dxe4 12. Bxe4 Bf5 13. Bg5 Bxe4 14. Nxe4 h6 15. Bf6 Bxf6 16. Nxf6+ Kg7 17. Ne4 Qd5 18. Nc3 Qf5 19. Qb3 Rad8 20. Rfd1 Nd5 21. Nxd5 Qxd5 22. Qa3 Rd6 23. Rac1 b4 24. Qa4 Qb5 25. Qb3 Rfd8 26. Qe3 Qf5 27. Rc4 Qf6 28. a3 a5 29. Kh2 Rd5 30. Rd3 R8d6 31. Qe4 Rd7 32. g3 Rd8 33. Kg2 Qd6 34. h4 h5 35. Rd2 Qf6 36. axb4 axb4 37. b3 Qd6 38. Rd3 Qf6 39. Ng5 R8d7 40. Rf3 Qd6 41. Qe8 Rxg5 42. hxg5 Nxd4 43. Rf4 Ne6 44. Rfe4 Qd5 45. Rxb4 c5 46. Rb8 Qxe4+ 47. Kh2 Nxg5 48. Qh8# 1-0

[Event "Lower Saxony-ch"]
[Site "Verden an der Aller"]
[Date "2025.01.03"]
[Round "3"]
[White "Bargsten, Justus"]
[Black "Wilmink, Anna"]
[Result "1-0"]
[WhiteElo "2238"]
[BlackElo "2048"]
[PlyCount "83"]
[EventDate "2025.01.02"]
[EventType "swiss"]
[EventRounds "7"]
[EventCountry "GER"]
[SourceTitle "CB02_2025"]
[SourceDate "2025.01.08"]
[SourceVersion "1"]
[SourceVersionDate "2025.01.08"]
[SourceQuality "1"]

1. e4 e6 2. d4 d5 3. Nc3 Nf6 4. e5 Nfd7 5. f4 c5 6. Nf3 Nc6 7. Be3 a6 8. a3 cxd4 9. Nxd4 Bc5 10. Qd2 Nxd4 11. Bxd4 Bxd4 12. Qxd4 Qb6 13. 0-0-0 Qxd4 14. Rxd4 Ke7 15. Be2 b6 16. h4 Bb7 17. Bf3 Rac8 18. Re1 Rc5 19. Rd2 Re8 20. Red1 Rc7 21. Ne2 b5 22. Nd4 Nb6 23. b3 Nd7 24. Kb2 Bc8 25. Be2 Nb6 26. Bd3 f6 27. exf6+ gxf6 28. Re1 Kf7 29. Rde2 Rce7 30. Bxh7 Rh8 31. Bf5 Rhe8 32. Bg4 Bd7 33. Bh5+ Kg7 34. Bxe8 Rxe8 35. Nxe6+ Kf7 36. Nc5 Rxe2 37. Rxe2 Bg4 38. Rd2 a5 39. Nb7 a4 40. Nd6+ Ke6 41. Nxb5 Kf5 42. Nc3 1-0

[Event "Lower Saxony-ch"]
[Site "Verden an der Aller"]
[Date "2025.01.02"]
[Round "2"]
[White "Kieselbach, Jannik"]
[Black "Bargsten, Justus"]
[Result "1/2-1/2"]
[WhiteElo "1979"]
[BlackElo "2238"]
[PlyCount "158"]
[EventDate "2025.01.02"]
[EventType "swiss"]
[EventRounds "7"]
[EventCountry "GER"]
[SourceTitle "CB02_2025"]
[SourceDate "2025.01.08"]
[SourceVersion "1"]
[SourceVersionDate "2025.01.08"]
[SourceQuality "1"]

1. e4 e5 2. Nc3 Nf6 3. g3 c6 4. Bg2 d5 5. exd5 cxd5 6. Nge2 Nc6 7. 0-0 Bc5 8. d3 h6 9. Na4 Be7 10. d4 e4 11. b3 Bg4 12. Be3 0-0 13. Qd2 Rc8 14. h3 Bf5 15. Rfd1 b6 16. Kh2 Qd7 17. Bf1 Na5 18. Ng1 Nh7 19. Ba6 Rc7 20. Bf4 Bd6 21. Bxd6 Qxd6 22. Rac1 Be6 23. c4 dxc4 24. d5 Bd7 25. Nc3 f5 26. Bxc4 Nxc4 27. bxc4 Rxc4 28. Nce2 Rfc8 29. Rxc4 Rxc4 30. Qb2 Qc5 31. Kg2 Nf6 32. Qe5 e3 33. Qxe3 Nxd5 34. Qxc5 Rxc5 35. Kf1 Bb5 36. Ke1 Nc3 37. Rd8+ Kf7 38. Nxc3 Rxc3 39. Rd5 Ke6 40. Rxb5 Rc1+ 41. Kd2 Rxg1 42. Rb2 g5 43. Rb4 Ra1 44. a4 Ra3 45. Ke2 Kd6 46. h4 g4 47. Rf4 Ke5 48. Rb4 h5 49. Rb5+ Ke6 50. Rb4 Kd6 51. Rf4 Rf3 52. Rb4 f4 53. Rb5 fxg3 54. fxg3 Ra3 55. Rxh5 Rxa4 56. Rg5 Ke6 57. Kd2 Kf6 58. Kc2 a6 59. Rg8 a5 60. Rg5 Rb4 61. Kc3 b5 62. Rh5 Rb1 63. Kc2 Rb4 64. Kc3 Ke6 65. Rg5 Kf6 66. Rh5 Kg6 67. Rg5+ Kh6 68. Rf5 Rb1 69. Kc2 Rg1 70. Rxb5 Rxg3 71. Rxa5 Rh3 72. Kd2 Rxh4 73. Ke3 Rh5 74. Rxh5+ Kxh5 75. Kf2 Kh4 76. Kg2 g3 77. Kg1 Kh3 78. Kh1 g2+ 79. Kg1 Kg3 1/2-1/2

[Event "Berlin Radtke Memorial"]
[Site "Berlin"]
[Date "2024.10.21"]
[Round "1"]
[White "Baum, Jonasz"]
[Black "Bargsten, Justus"]
[Result "1-0"]
[WhiteElo "2464"]
[BlackElo "2211"]
[PlyCount "55"]
[EventDate "2024.10.21"]
[EventType "swiss"]
[EventRounds "9"]
[EventCountry "GER"]
[SourceTitle "CB44_2024"]
[Source "Chessbase"]
[SourceDate "2024.10.30"]
[SourceVersion "1"]
[SourceVersionDate "2024.10.30"]
[SourceQuality "1"]

1. d4 d5 2. c4 e6 3. Nf3 Nf6 4. Nc3 c5 5. cxd5 Nxd5 6. e4 Nxc3 7. bxc3 cxd4 8. cxd4 Bb4+ 9. Bd2 Bxd2+ 10. Qxd2 0-0 11. Bc4 Nd7 12. 0-0 b6 13. Rad1 Bb7 14. Rfe1 Rc8 15. Bb3 h6 16. Re3 Qf6 17. d5 exd5 18. e5 Qf4 19. g3 Qg4 20. Nd4 Rfe8 21. f3 Qh5 22. Ba4 Re7 23. g4 Qg5 24. Nf5 Nc5 25. h4 Qf4 26. Nxe7+ Kf8 27. Nxc8 d4 28. Ra3 1-0

[Event "Wroclaw op-A"]
[Site "Wroclaw"]
[Date "2024.08.13"]
[Round "8"]
[White "Jaskolka, Tomasz"]
[Black "Bargsten, Justus"]
[Result "0-1"]
[WhiteElo "2258"]
[BlackElo "2192"]
[PlyCount "122"]
[EventDate "2024.08.08"]
[EventType "swiss"]
[EventRounds "9"]
[EventCountry "POL"]
[SourceTitle "EXT 2025"]
[Source "ChessBase"]
[SourceDate "2024.10.14"]
[SourceVersion "1"]
[SourceVersionDate "2024.10.14"]
[SourceQuality "1"]

1. e4 e5 2. d4 exd4 3. Qxd4 Nc6 4. Qd3 Nf6 5. Nc3 Bc5 6. Bf4 d6 7. 0-0-0 Bxf2 8. Nf3 Bg4 9. h3 Bxf3 10. Qxf3 Bd4 11. Bb5 Bxc3 12. Qxc3 0-0 13. Rhe1 Nh5 14. Bd2 Ne5 15. g4 a6 16. Bf1 Nf6 17. g5 Nfd7 18. h4 Re8 19. h5 Nc5 20. Bh3 Qe7 21. g6 fxg6 22. hxg6 Nxg6 23. Bf5 Ne5 24. Rh1 g6 25. Rdg1 Qf7 26. Qh3 Kh8 27. Rf1 gxf5 28. Rxf5 Qd7 29. Bc3 Qg7 30. Qh5 Nxe4 31. Rf7 Qg5+ 32. Qxg5 Nxg5 33. Rxc7 Kg8 34. Rg1 h6 35. Rh1 Re6 36. Bd2 Rf8 37. Rxb7 Rf2 38. Be3 Re2 39. Bd4 Nef3 40. Bc3 d5 41. Rg7+ Kf8 42. Rf1 Re1+ 43. Bxe1 Kxg7 44. Ba5 d4 45. a4 Kg6 46. b4 Re5 47. Bb6 h5 48. Kb2 Re6 49. Bc7 Rc6 50. Bd8 Rc8 51. Be7 h4 52. Bc5 h3 53. Rh1 Kf5 54. Bd6 Ke4 55. Ra1 Kd5 56. Bf4 Kc4 57. b5 axb5 58. a5 Ra8 59. a6 h2 60. Rh1 Rxa6 61. Bxg5 Rg6 0-1

[Event "Wroclaw op-A"]
[Site "Wroclaw"]
[Date "2024.08.12"]
[Round "6"]
[White "Przybylski, Bartosz1"]
[Black "Bargsten, Justus"]
[Result "0-1"]
[WhiteElo "2118"]
[BlackElo "2192"]
[PlyCount "80"]
[EventDate "2024.08.08"]
[EventType "swiss"]
[EventRounds "9"]
[EventCountry "POL"]
[SourceTitle "EXT 2025"]
[Source "ChessBase"]
[SourceDate "2024.10.14"]
[SourceVersion "1"]
[SourceVersionDate "2024.10.14"]
[SourceQuality "1"]

1. e4 e5 2. Bc4 Nf6 3. d3 c6 4. Nf3 d5 5. Bb3 a5 6. a4 Bb4+ 7. c3 Bd6 8. Bg5 Be6 9. Nbd2 Nbd7 10. 0-0 h6 11. Bh4 Nc5 12. Bc2 dxe4 13. dxe4 g5 14. Bg3 Nfd7 15. b4 axb4 16. cxb4 Na6 17. Bb3 Qe7 18. Bxe6 Qxe6 19. Rc1 Nxb4 20. Nc4 Bc7 21. Nd4 exd4 22. Bxc7 c5 23. Nd6+ Kf8 24. Nxb7 Qxe4 25. Nxc5 Nxc5 26. Rxc5 Nd3 27. Rc4 Rc8 28. Qa1 Nf4 29. f3 Qe3+ 30. Rf2 Nd3 31. Qxd4 Qxd4 32. Rxd4 Nxf2 33. Bd6+ Kg7 34. Kxf2 Rc2+ 35. Kg3 Re8 36. Kh3 h5 37. f4 Re3+ 38. g3 Ree2 39. Be5+ f6 40. Rd7+ Kg6 0-1

[Event "Wroclaw op-A"]
[Site "Wroclaw"]
[Date "2024.08.10"]
[Round "4"]
[White "Rozanski, Mateusz"]
[Black "Bargsten, Justus"]
[Result "1-0"]
[WhiteElo "2028"]
[BlackElo "2192"]
[PlyCount "118"]
[EventDate "2024.08.08"]
[EventType "swiss"]
[EventRounds "9"]
[EventCountry "POL"]
[SourceTitle "EXT 2025"]
[Source "ChessBase"]
[SourceDate "2024.10.14"]
[SourceVersion "1"]
[SourceVersionDate "2024.10.14"]
[SourceQuality "1"]

1. e4 c5 2. Nc3 Nc6 3. Bb5 Nd4 4. Nf3 a6 5. Bd3 Nc6 6. Be2 e5 7. a4 d6 8. Bc4 Be6 9. d3 h6 10. Be3 Nf6 11. h3 d5 12. exd5 Nxd5 13. Bxd5 Bxd5 14. 0-0 Be6 15. Ne4 b6 16. a5 f5 17. Nc3 b5 18. Re1 Qf6 19. Bf4 Bd6 20. Qe2 b4 21. Na4 exf4 22. Qxe6+ Qxe6 23. Rxe6+ Kd7 24. Rg6 Rag8 25. Nb6+ Kc7 26. Nd5+ Kd7 27. Re1 Nxa5 28. Ree6 Nb7 29. Rxd6+ Nxd6 30. Ne5+ Kc8 31. Rxd6 Rd8 32. Rc6+ Kb8 33. Nf7 Rxd5 34. Nxh8 Kb7 35. Re6 b3 36. Re2 g5 37. Nf7 g4 38. cxb3 Rxd3 39. hxg4 fxg4 40. Ne5 Rd1+ 41. Kh2 h5 42. Re4 f3 43. gxf3 Rd2 44. fxg4 hxg4 45. Kg3 Rxb2 46. Re3 Kc7 47. Nxg4 a5 48. Ne5 Rb1 49. Nc4 a4 50. bxa4 Rb4 51. Rc3 Rxa4 52. Nb2 Ra5 53. f4 Kc6 54. Nd3 Kd6 55. Nxc5 Ra1 56. Nb3 Rg1+ 57. Kf2 Rg4 58. Kf3 Rh4 59. Kg3 Kd5 1-0

[Event "Oberliga Nord W 2324"]
[Site "Germany"]
[Date "2024.04.28"]
[Round "9.4"]
[White "Bargsten, Justus"]
[Black "Genov, Petar"]
[Result "1/2-1/2"]
[WhiteElo "2194"]
[BlackElo "2408"]
[PlyCount "51"]
[EventDate "2023.10.22"]
[EventType "team-tourn"]
[EventRounds "9"]
[EventCountry "GER"]
[SourceTitle "EXT 2025"]
[Source "ChessBase"]
[SourceDate "2024.10.14"]
[SourceVersion "1"]
[SourceVersionDate "2024.10.14"]
[SourceQuality "1"]
[WhiteTeam "Uelzen Post"]
[BlackTeam "Kirchweyhe II"]
[WhiteTeamCountry "GER"]
[BlackTeamCountry "GER"]

1. e4 c5 2. Nf3 Nc6 3. d4 cxd4 4. Nxd4 Nf6 5. Nc3 e5 6. Ndb5 d6 7. Bg5 a6 8. Na3 b5 9. Nab1 Be7 10. Bxf6 Bxf6 11. a4 b4 12. Nd5 0-0 13. Nd2 a5 14. Bc4 Be6 15. 0-0 Rc8 16. Rc1 Bg5 17. c3 Rb8 18. b3 g6 19. cxb4 Bxd5 20. Bxd5 Nxb4 21. Bc4 d5 22. exd5 Nxd5 23. Bxd5 Qxd5 24. Nc4 Rfd8 25. Qxd5 Rxd5 26. Rcd1 1/2-1/2

[Event "Oberliga Nord W 2324"]
[Site "Germany"]
[Date "2024.04.14"]
[Round "8.4"]
[White "Rietman, Frits"]
[Black "Bargsten, Justus"]
[Result "1/2-1/2"]
[WhiteElo "2214"]
[BlackElo "2194"]
[PlyCount "76"]
[EventDate "2023.10.22"]
[EventType "team-tourn"]
[EventRounds "9"]
[EventCountry "GER"]
[SourceTitle "EXT 2025"]
[Source "ChessBase"]
[SourceDate "2024.10.14"]
[SourceVersion "1"]
[SourceVersionDate "2024.10.14"]
[SourceQuality "1"]
[WhiteTeam "Nordhorn Blanke"]
[BlackTeam "Uelzen Post"]
[WhiteTeamCountry "GER"]
[BlackTeamCountry "GER"]

1. e4 c5 2. Nf3 Nc6 3. Bb5 Nf6 4. Nc3 Nd4 5. Bc4 d6 6. h3 a6 7. a4 e6 8. 0-0 Bd7 9. Re1 Bc6 10. d3 d5 11. exd5 Nxd5 12. Bxd5 Bxd5 13. Nxd4 cxd4 14. Nxd5 Qxd5 15. Qg4 Rc8 16. Re2 h5 17. Qg3 h4 18. Qg4 Rh5 19. b3 Re5 20. Rxe5 Qxe5 21. Bf4 Qf5 22. Qxf5 exf5 23. Re1+ Kd7 24. Re2 f6 25. Bc1 Bd6 26. Bb2 Be5 27. f4 Bxf4 28. Bxd4 Rc6 29. Kf2 b5 30. axb5 axb5 31. c3 Be5 32. Bxe5 fxe5 33. Rxe5 Rxc3 34. Rxb5 Rxd3 35. Rxf5 Rxb3 36. Rf7+ Ke6 37. Rxg7 Rb8 38. Rg4 Rh8 1/2-1/2

[Event "Oberliga Nord W 2324"]
[Site "Germany"]
[Date "2024.01.14"]
[Round "4.4"]
[White "Lewin, Tammo"]
[Black "Bargsten, Justus"]
[Result "0-1"]
[WhiteElo "2089"]
[BlackElo "2216"]
[PlyCount "86"]
[EventDate "2023.10.22"]
[EventType "team-tourn"]
[EventRounds "9"]
[EventCountry "GER"]
[SourceTitle "EXT 2025"]
[Source "ChessBase"]
[SourceDate "2024.10.14"]
[SourceVersion "1"]
[SourceVersionDate "2024.10.14"]
[SourceQuality "1"]
[WhiteTeam "Hellern"]
[BlackTeam "Uelzen Post"]
[WhiteTeamCountry "GER"]
[BlackTeamCountry "GER"]

1. d4 d5 2. c4 e6 3. Nc3 Nf6 4. cxd5 exd5 5. Bg5 c6 6. e3 Bd6 7. Bd3 0-0 8. Qc2 h6 9. Bh4 Re8 10. Nf3 Be6 11. 0-0 Nbd7 12. a4 Qc7 13. Bg3 Bxg3 14. hxg3 a5 15. Rfb1 Qd6 16. Qb3 Ne4 17. Qa3 Qxa3 18. Rxa3 Nd6 19. Ra2 Bf5 20. Bxf5 Nxf5 21. b4 axb4 22. Rxb4 Nd6 23. Rc2 Ra6 24. Nd2 Rea8 25. Nb3 Rb6 26. Rxb6 Nxb6 27. Nc5 Kf8 28. Rb2 Nbc4 29. Rb1 Ra7 30. Rb4 f5 31. Kf1 Ke7 32. Ke2 b6 33. Nd3 Ne4 34. Nxe4 fxe4 35. Ne5 Nxe5 36. dxe5 Ra6 37. f4 c5 38. Rb5 Rxa4 39. Rxb6 Ra2+ 40. Kf1 d4 41. Rc6 d3 42. Rxc5 Ra1+ 43. Kf2 d2 0-1

[Event "Oberliga Nord W 2324"]
[Site "Germany"]
[Date "2023.12.03"]
[Round "3.3"]
[White "Hedke, Fred"]
[Black "Bargsten, Justus"]
[Result "1/2-1/2"]
[WhiteElo "2238"]
[BlackElo "2212"]
[PlyCount "93"]
[EventDate "2023.10.22"]
[EventType "team-tourn"]
[EventRounds "9"]
[EventCountry "GER"]
[SourceTitle "EXT 2025"]
[Source "ChessBase"]
[SourceDate "2024.10.14"]
[SourceVersion "1"]
[SourceVersionDate "2024.10.14"]
[SourceQuality "1"]
[WhiteTeam "Delmenhorst"]
[BlackTeam "Uelzen Post"]
[WhiteTeamCountry "GER"]
[BlackTeamCountry "GER"]

1. Nf3 d5 2. d4 Nf6 3. g3 Bf5 4. Bg2 h6 5. 0-0 e6 6. c4 c6 7. Nc3 Be7 8. Nd2 Nbd7 9. e4 dxe4 10. Ndxe4 Nxe4 11. Nxe4 Nf6 12. Nc3 0-0 13. Be3 Qd7 14. Qe2 Ng4 15. Rad1 Nxe3 16. fxe3 Rad8 17. Kh1 Bg6 18. a3 Qc7 19. b4 Rfe8 20. e4 b6 21. e5 a5 22. c5 axb4 23. axb4 bxc5 24. bxc5 Rd7 25. Be4 Bxe4+ 26. Nxe4 Rd5 27. Qg4 Qd8 28. Rf2 Rf8 29. Rfd2 Kh8 30. Nd6 Bxd6 31. cxd6 Qa5 32. Rc2 Qa4 33. Qe2 Rxd4 34. Rxd4 Qxd4 35. Rd2 Qc5 36. Rd1 Rd8 37. Qe4 Kg8 38. Qf4 Rd7 39. Kg2 Qb5 40. Rd2 c5 41. Qe4 Qb4 42. Qe2 Rd8 43. Kh3 Qc3 44. Rc2 Qd4 45. Rd2 Qc3 46. Rc2 Qd4 47. Rd2 1/2-1/2

[Event "Berlin Radtke Memorial op"]
[Site "Berlin"]
[Date "2023.10.26"]
[Round "5"]
[White "Barseghyan, Armen Ar"]
[Black "Bargsten, Justus"]
[Result "1/2-1/2"]
[WhiteElo "2342"]
[BlackElo "2226"]
[PlyCount "55"]
[EventDate "2023.10.23"]
[EventType "swiss"]
[EventRounds "9"]
[EventCountry "GER"]
[SourceTitle "CBM 216 Extra"]
[Source "ChessBase"]
[SourceDate "2023.11.30"]
[SourceVersion "1"]
[SourceVersionDate "2023.11.30"]
[SourceQuality "1"]

1. Nf3 d5 2. d4 Nf6 3. c4 e6 4. e3 dxc4 5. Bxc4 a6 6. a4 c5 7. 0-0 Nc6 8. Nc3 Be7 9. dxc5 Qxd1 10. Rxd1 Bxc5 11. Nd2 Ne5 12. Be2 Bd7 13. Nde4 Bb4 14. f4 Nc6 15. Nxf6+ gxf6 16. Ne4 Be7 17. Nd6+ Bxd6 18. Rxd6 Ne7 19. Bh5 Nf5 20. Rd1 Bc6 21. b3 Rc8 22. Bb2 Bxg2 23. Rac1 Rxc1 24. Rxc1 Bc6 25. Bf3 Nxe3 26. Kf2 Nd5 27. Bxd5 exd5 28. Bxf6 1/2-1/2

[Event "Oberliga Nord W 2324"]
[Site "Germany"]
[Date "2023.10.22"]
[Round "1.4"]
[White "Wagner, Jan"]
[Black "Bargsten, Justus"]
[Result "0-1"]
[WhiteElo "2124"]
[BlackElo "2226"]
[PlyCount "72"]
[EventDate "2023.10.22"]
[EventType "team-tourn"]
[EventRounds "9"]
[EventCountry "GER"]
[SourceTitle "EXT 2025"]
[Source "ChessBase"]
[SourceDate "2024.10.14"]
[SourceVersion "1"]
[SourceVersionDate "2024.10.14"]
[SourceQuality "1"]
[WhiteTeam "Oldenburg Union"]
[BlackTeam "Uelzen Post"]
[WhiteTeamCountry "GER"]
[BlackTeamCountry "GER"]

1. Nf3 d5 2. g3 c5 3. c4 d4 4. e3 Nc6 5. exd4 cxd4 6. Bg2 e5 7. 0-0 Bd6 8. Re1 f6 9. Nh4 Nge7 10. d3 0-0 11. f4 exf4 12. gxf4 Nf5 13. Nxf5 Bxf5 14. a3 Qc7 15. Qf3 Kh8 16. b4 Rae8 17. Rxe8 Rxe8 18. Bd2 Qf7 19. b5 Nd8 20. Bb4 Re3 21. Qd5 Qxd5 22. Bxd5 Bc7 23. Nd2 Bxd3 24. Nb3 Be4 25. Bxe4 Rxe4 26. Re1 Rxe1+ 27. Bxe1 Bxf4 28. Nxd4 Kg8 29. c5 Be3+ 30. Bf2 Bxd4 31. Bxd4 Kf7 32. a4 Ke6 33. a5 Kd5 34. c6 bxc6 35. Bxa7 cxb5 36. a6 Ne6 0-1